000
00253nam a2200097Ia 4500
001
1250551
005
20251031150858.0
008
251031s9999 xx 000 0 und d
245
0
_c
EMİN GÜRDAMUR
_a
B-2 YASAK AĞACIN ALTINDA
260
_b
KETEBE YAYINLARI
999
_c
1250551
_d
1250551